| 000 | 01387nam a2200313 4500 | ||
|---|---|---|---|
| 003 | EC-UNACH | ||
| 005 | 20251017095132.0 | ||
| 006 | s||||gr|||| 00| 00 | ||
| 008 | 150116t9999 mx r gr 000 0 spa d | ||
| 020 | _a978-958-771-000-7 | ||
| 040 |
_aEC-UNACH _cEC-UNACH |
||
| 041 | _aspa | ||
| 082 | 0 | 4 |
_223 _a690.22 HEN L011518 _bL011518 |
| 110 | _aEcoe Ediciones | ||
| 245 | _aRiesgos en la construcción | ||
| 250 | _aTercera edición | ||
| 264 |
_aBogotá _bEcoe Ediciones _c2013 |
||
| 300 |
_a180 páginas _bTablas, Gráficos |
||
| 505 | _aTabla de contenidos. -- Capítulo 1. Aspectos legales de la seguridad y salud en el trabajo aplicables a la construcción en Colombia. -- Capítulo 2. Riesgos asociados a los procesos constructivos típicos de obra. -- Capítulo 3. Manejo de equipos y herramientas. -- Capítulo 4. Manejo y almacenamiento de materiales. -- Capítulo 5. Técnicas para identificación y evaluación de riesgos laborales. -- Capítulo 6. El sistema de gestión en la empresa. -- Bibliografía. -- Consultas electrónicas. | ||
| 650 | _aETAPA DE DESCAPOTE | ||
| 650 | _aCERCADOS Y BARRERAS | ||
| 650 | _aMODELO DUPONT | ||
| 650 | _aHIGIENE INDUSTRIAL | ||
| 700 | _aHenao Robledo, Fernando | ||
| 942 |
_c1 _2ddc |
||
| 999 | _c14025 | ||